书目信息 |
| 题名: |
经济法前沿问题
|
|
| 作者: | 顾功耘 , 罗培新 主编 | |
| 分册: | 2012 | |
| 出版信息: | 北京 北京大学出版社 2013 |
|
| 页数: | 314页 | |
| 开本: | 23cm | |
| 丛书名: | 经济法文库 | |
| 单 册: | ||
| 中图分类: | D922.290.4 | |
| 科图分类: | ||
| 主题词: | 经济法--研究--中国--2012 , 经济法 | |
| 电子资源: | ||
| ISBN: | 978-7-301-22759-6 | |
| 000 | 01195oam2 2200313 450 | |
| 001 | 523 | |
| 005 | 20140908081506.78 | |
| 010 | @a978-7-301-22759-6@dCNY48.00 | |
| 100 | @a20130828d2013 em y0chiy50 ea | |
| 101 | 0 | @achi |
| 102 | @aCN@b110000 | |
| 105 | @ay z 000yy | |
| 106 | @ar | |
| 200 | 1 | @a经济法前沿问题@AJing Ji Fa Qian Yan Wen Ti@h2012@dThe economic law herald@h2012@f顾功耘,罗培新主编@FGu Gong Yun, Luo Pei Xin Zhu Bian@zeng |
| 210 | @a北京@c北京大学出版社@d2013 | |
| 215 | @a314页@d23cm | |
| 225 | 2 | @a经济法文库 |
| 300 | @a上海市高校一流学科(法学)建设计划(经济法学科)阶段性成果 | |
| 308 | @a丛书第二辑 | |
| 330 | @a本书以经济法中的经济法总论、宏观调控法律制度、市场秩序规则法律制度、国有经济参与法律制度、对外经济管制法律制度、市场运行监管法律制度为论纲,对公司法、反垄断法、金融法中的前沿和热点问题作出系统研究。 | |
| 461 | 0 | @12001 @a经济法文库 |
| 510 | 1 | @aEconomic law herald@h2012@zeng |
| 606 | 0 | @a经济法@x研究@y中国@z2012 |
| 606 | 0 | @a经济法 |
| 690 | @aD922.290.4@v5 | |
| 701 | 0 | @a顾功耘@AGu Gong Yun@f(1957~)@4主编 |
| 701 | 0 | @a罗培新@ALuo Pei Xin@f(1974~)@4主编 |
| 801 | 0 | @aCN@bTANGWEI@c20140603 |
| 905 | @b0840629-31@dD922.290.4@e1110@f3 | |
| 经济法前沿问题.2012=The economic law herald.2012/顾功耘,罗培新主编.-北京:北京大学出版社,2013 |
| 314页;23cm.-(经济法文库) |
| 上海市高校一流学科(法学)建设计划(经济法学科)阶段性成果 |
| ISBN 978-7-301-22759-6:CNY48.00 |
| 本书以经济法中的经济法总论、宏观调控法律制度、市场秩序规则法律制度、国有经济参与法律制度、对外经济管制法律制度、市场运行监管法律制度为论纲,对公司法、反垄断法、金融法中的前沿和热点问题作出系统研究。 |
| ● |
| 相关链接 |
|
|
|
|
正题名:经济法前沿问题
索取号:D922.290.4/1110
 
预约/预借
| 序号 | 登录号 | 条形码 | 馆藏地/架位号 | 状态 | 备注 |
| 1 | 0840629 | 208406296 | 第一样本阅览室/ [索取号:D922.290.4/1110] | 在馆 | |
| 2 | 0840630 | 208406303 | 第一借阅区/ [索取号:D922.290.4/1110] | 在馆 | |
| 3 | 0840631 | 208406312 | 密集书库-史法系/ [索取号:D922.290.4/1110] | 在馆 |